El cerebro humano y los procesos psíquicos: análisis neuropsicológico de la actividad consciente
محفوظ في:
| المؤلف الرئيسي: | |
|---|---|
| التنسيق: | كتاب |
| اللغة: | الإسبانية |
| منشور في: |
Barcelona
Fontanella
1979
|
| الموضوعات: | |
| الوسوم: |
إضافة وسم
لا توجد وسوم, كن أول من يضع وسما على هذه التسجيلة!
|
MARC
| LEADER | 00000nam a2200000 a 4500 | ||
|---|---|---|---|
| 001 | UCY9338 | ||
| 003 | CL-VaPUC | ||
| 008 | 950717e19790000SP |||||||||||||||||spa|d | ||
| 082 | 0 | 4 | |a 612.825 |b LUR |2 21 |
| 100 | |a Luria, Aleksander Romanovich |e autor |9 549746 | ||
| 245 | 1 | 3 | |a El cerebro humano y los procesos psíquicos: análisis neuropsicológico de la actividad consciente |
| 300 | |a 531 p | ||
| 942 | |c BK | ||
| 945 | |d 19950717 00:00:00 |a mfernand | ||
| 260 | |a Barcelona |b Fontanella |c 1979 | ||
| 650 | 0 | |a Cerebro |9 307262 | |
| 650 | 7 | |a INVESTIGACION DEL CEREBRO |2 CL-VaPUC |9 334660 | |
| 650 | 0 | |a Neurobiología |9 269798 | |
| 650 | 0 | |a Neurología |9 269802 | |
| 650 | 0 | |a Comportamiento |9 308406 | |
| 650 | 0 | |a Procesos mentales superiores |9 330839 | |
| 583 | |a last modification |c 19950717 00:00:00 |k Rodrigo Vera | ||
| 999 | |c 236449 |d 236447 | ||
| 952 | |0 0 |1 0 |4 0 |6 612_825000000000000_LUR_1979 |7 0 |8 A |9 244542 |a BIBEDU |b BIBEDU |d 2019-11-18 |i 1533126 |o 612.825 LUR 1979 |p 1533126 |r 2019-11-18 |w 2019-11-18 |y BK |k EDU | ||